Právne formy podnikateľských vzťahov

Saved in:
Bibliographic Details
Main Author: Sabo, Mikuláš
Format: Book
Language:Slovak
Published: Bratislava IURA EDITION 1994
Edition:1. vyd.
Subjects:
Tags: Add Tag
No Tags, Be the first to tag this record!

MARC

LEADER 00000nam a2200000 4500
001 c005286
005 20221214074710.2
020 |a 80-88715-06-7 
041 0 |a slo 
044 |a SK 
245 1 0 |a Právne formy podnikateľských vzťahov  |c Mikuláš Sabo a kol. 
250 |a 1. vyd. 
264 1 |a Bratislava  |b IURA EDITION  |c 1994 
300 |a 231 s. 
610 2 0 |a právo 
610 2 0 |a forma 
610 2 0 |a podnikanie 
610 2 0 |a živnosti 
610 2 0 |a právo obchodné 
610 2 0 |a podnik štátny 
610 2 0 |a spoločnosti obchodné 
610 2 0 |a súťaž hospodárska 
610 2 0 |a záväzky 
610 2 0 |a obchod medzinárodný 
610 2 0 |a konkurzy 
610 2 0 |a normalizácia technická 
610 2 0 |a vlastníctvo priemyselné 
610 2 0 |a súdnictvo 
100 1 |a Sabo, Mikuláš